| 000 | 005880000a22001690004500 | ||
|---|---|---|---|
| 090 |
_aAR _b00772 |
||
| 245 | 1 | 0 | _aDinámica de un bosque seco, semideciduo y secundario en el oeste del Ecuador |
| 650 | 1 | 4 |
_aBosques sucesionales _993581 |
| 650 | 1 | 4 |
_aBosques secos tropicales _992782 |
| 650 | 1 | 4 |
_aRestauración del Bosque _993957 |
| 650 | 1 | 4 |
_aTasas de crecimiento _993958 |
| 651 | 4 |
_lParque Nacional Machalilla _pEcuador _992749 |
|
| 041 | 0 | _aEspañol | |
| 100 | 1 |
_aJosse, Carmen _914920 |
|
| 942 | _cARTICULO | ||
| 773 | 1 |
_tEstudios sobre Diversidad y Ecología de Plantas _3291 _q241-253 _d1997 |
|
| 999 |
_c9863 _d9863 |
||